000 00399 a2200169 4500
001 69879
020 _a9788537707296
040 _cAnchieta - Itaigara
100 _aLeite, Marcia
240 1 0 _aQuem mandou não acreditar?
_lpor
245 1 0 _aQuem mandou não acreditar?
300 _a62
362 0 _a2008
440 1 _aEscala Educacional
650 4 _aLiteratura infanto-juvenil
942 _cBK
999 _c69879
_d69879